000
00288pam a2200121 a 4500
020
_a
81-7446-029-2
_c
041
_h
082
_a
658.45
_b
THO
100
_a
THOMSON P.,
245
_a
SELL YOUR WAY TO THE TOP
_h
Textual Documents
260
_a
NEW DELHI
_b
EXCEL BOOKS
_c
1993
930
_a
6674
999
_c
126138
_d
126138